Thermodynamics of aqueous systems, with industrial applications : based on a symposium /

Guardado en:
Autores Corporativos: American Institute of Chemical Engineers., United States. National Bureau of Standards., National Science Foundation (U.S.), Conference on The Thermidynamics of Aqueous Systems with Industrial Applications
Otros Autores: Newman, Stephen A., 1938-, (Editor , ed.), Barner, Herbert E., (Editor , ed.), Klein, Max, (Editor , ed.), Sandler, Stanley I., (Editor , ed.)
Formato: Libro
Idioma:English
Publicado: Washington, D.C. : American Chemical Society, 1980.
Series:ACS symposium series ; 133.
Materias:
Etiquetas: Agregar Etiqueta
Sin Etiquetas, Sea el primero en etiquetar este registro!
LEADER 01690cam a22003375a 4500
001 EIQ.libpla002177
008 800513s1980####dcua#####b####101#0#eng#d
005 20070430155404.0
245 0 0 |a Thermodynamics of aqueous systems, with industrial applications :  |b based on a symposium /  |c cosponsored by the American Institute of Chemical Engineers, the National Bureau of Standards, and the National Science Foundation at Airlie House conference site, Warrenton, Virginia, October 22-25, 1979 ; Stephen A. Newman, editor [and] associate editors, Herbert E. Barner, Max Klein, Stanley I. Sandler. 
260 |a Washington, D.C. :  |b American Chemical Society,  |c 1980. 
300 |a xii, 771 p. :  |b il. ;  |c 24 cm. 
490 1 |a ACS symposium series ; 133,  |x 0097-6156 0097-6156 
504 |a Incluye referencias bibliográficas e índice. 
020 |a 0841205698 
700 1 |a Newman, Stephen A.,  |d 1938-,  |e ed.  |4 edt 
700 1 |a Barner, Herbert E.,  |e ed.  |4 edt 
700 1 |a Klein, Max,  |e ed.  |4 edt 
700 1 |a Sandler, Stanley I.,  |e ed.  |4 edt 
710 2 |a American Institute of Chemical Engineers. 
710 1 |a United States.  |b National Bureau of Standards. 
710 2 |a National Science Foundation (U.S.) 
711 2 |a Conference on The Thermidynamics of Aqueous Systems with Industrial Applications  |d (1979 :  |c Warrenton, Virginia) 
830 0 |a ACS symposium series ;  |v 133. 
082 0 0 |a 660.2/969 
650 4 |a Termodinámica  |x Congresos. 
650 4 |a Tecnología química  |x Congresos. 
650 0 |a Chemistry, Technical  |x Congresses. 
650 0 |a Thermodynamics  |x Congresses. 
010 |a  80016044  
040 |a DLC  |c DLC  |d AR-BbSID 
859 |a AR-BbSID  |b BIB. PLAPIQUI  |h 660.296 9  |i T 343  |p 940